| 000 | 00531cam a22001457a 4500 | ||
|---|---|---|---|
| 008 | 180718b2005 xxu||||| |||| 00| 0 eng d | ||
| 082 | _aAPPPA 2004-05/KAM/19 | ||
| 100 | _aKamra, V.P. | ||
| 245 |
_aStudy of defence hardware export by ordnance factories: strategies for future _cby V.P. Kamra |
||
| 260 |
_aNew Delhi _bIndian Institute of Public Administration _c2005 |
||
| 300 | _a148p. | ||
| 500 | _aAn APPPA M.Phil dissertation, 2004-05 (Guide: P.K. Chaubey) | ||
| 650 | _aOrdnance factories | ||
| 650 | _aDefence hardware export | ||
| 999 |
_c493118 _d493118 |
||